| 000 | 00381nam a2200145Ia 4500 | ||
|---|---|---|---|
| 008 | 210210b2006 xxu||||| |||| 00| 0 eng d | ||
| 020 | _a81 89582 17 8 | ||
| 082 | _a070.1 DEVF | ||
| 100 | _aDEVI (Meena). | ||
| 245 | _aFundamentals of mass media and communication. | ||
| 260 |
_aNew Delhi. _bAlfa publication. _c2006 |
||
| 300 | _a270 | ||
| 690 | _aJournalism | ||
| 906 | _a061306 | ||
| 999 |
_c108262 _d108262 |
||